Leibniz. Una biografía.
Gardado en:
| Autor Principal: | |
|---|---|
| Formato: | Libro |
| Publicado: |
Madrid, España:
Alianza,
1992.
|
| Series: | Alianza Universidad,
|
| Subjects: | |
| Tags: |
Engadir etiqueta
Sen Etiquetas, Sexa o primeiro en etiquetar este rexistro!
|
MARC
| LEADER | 00000nam a22000007a 4500 | ||
|---|---|---|---|
| 003 | CL-VaPUC | ||
| 005 | 20220822114736.0 | ||
| 008 | 220727t1992 ||||| |||| 00| 0 eng d | ||
| 999 | |c 437670 |d 437668 | ||
| 020 | |a 84-206-2726-7 | ||
| 040 | |c Pontificia Universidad Católica de Valparaíso | ||
| 082 | 7 | |a 193 AIT 1992 |2 22 | |
| 100 | 1 | |a Aiton, E.J. |e autor |9 874155 | |
| 245 | |a Leibniz. |b Una biografía. | ||
| 260 | |a Madrid, España: |b Alianza, |c 1992. | ||
| 300 | |a 493 páginas. | ||
| 490 | |a Alianza Universidad, |n 726. | ||
| 500 | |a c.1 Donación Familia Prof. Alejandro Guzmán Brito. | ||
| 583 | |c 20220727 |k Cristina María Rojas Aguilar | ||
| 600 | 0 | |a Leibniz, Gottfried Wilhelm |9 860284 |d 1646-1716 | |
| 650 | |a Filósofos alemanes |x Biografías |9 874156 | ||
| 942 | |2 ddc |c BK |n 0 | ||
| 952 | |0 0 |1 0 |2 ddc |4 0 |6 193_000000000000000_AIT_1992 |7 0 |8 C_AGB |9 585459 |a BIBDER |b BIBDER |d 2022-07-27 |e Donación |i 5653468 |o 193 AIT 1992 |p 5653468 |r 2023-01-25 |t 1 |w 2022-07-27 |y BK_US |k AGB | ||